| 000 | 00737cam a2200217 4500 | ||
|---|---|---|---|
| 005 | 20170424090315.0 | ||
| 008 | 081223t19791979ag a 000 0 spa u | ||
| 020 | _a8474080215 | ||
| 050 | 0 | 4 |
_aE855 _b K57 1979 |
| 100 | 1 |
_aKissinger, Henry, _d[1923- ], _qHenry Alfred Kissinger |
|
| 245 | 1 | 0 |
_aMis memorias / _cHenry Kissinger |
| 250 | _a1a ed. | ||
| 260 |
_aArgentina. : _bAtlantida, _cc1979 |
||
| 300 |
_a1032 p. : _bil. ; _c24 cm. |
||
| 504 | _aIncluye índice | ||
| 600 | 7 |
_2LEMB _aKissinger, Henry _d1923- _x Biografía |
|
| 600 | 7 |
_2LEMB _aNixon, Richard M. _q(Richard Milhous), _d1913-1994. _x Biografía |
|
| 650 | 7 |
_aEstadistas _zEstados Unidos |
|
| 651 | 7 |
_2LEMB _aEstados Unidos _xRelaciones exteriores |
|
| 942 |
_2lcc _cLIB |
||
| 999 |
_c73214 _d73214 |
||